[Event "21st Dubai Open 2019"]
[Site "Dubai"]
[Date "2019.04.07"]
[Round "7.12"]
[White "Aditya Mittal"]
[Black "Yilmaz, Mustafa"]
[Result "0-1"]
[WhiteElo "2457"]
[BlackElo "2631"]
[Annotator "TA"]
[PlyCount "110"]
[EventDate "2019.04.01"]
[EventType "swiss"]
[EventCountry "UAE"]
[SourceTitle "playchess.com"]
[Source "ChessBase"]
[SourceQuality "1"]

{[%evp 12,110,13,12,19,28,27,20,1,0,0,0,0,-11,0,-19,-8,0,2,-31,-18,-13,-8,-88,-69,-70,-54,-52,-18,-34,-35,-55,-55,-100,-97,-99,-95,-106,-98,-102,-97,-112,-105,-155,-161,-173,-167,-163,-172,-175,-168,-202,-195,-204,-205,-214,-206,-199,-191,-236,-236,-203,-157,-282,-232,-226,-219,-217,-216,-197,-189,-340,-354,-362,-358,-347,-354,-379,-262,-779,-742,-588,-259,-29973,-29975,-29955,-29965,-29981,-29982,-29982,-29983,-29983,-29984,-29984,-29984,-29983,-29985,-29989,-29990,-29990,-29991]} 1. d4 Nf6 2. c4 e6 3. Nc3 Bb4 4. e3 O-O 5. Bd3 d5 6. Nf3 b6 7. O-O Ba6 {E52: Nimzo-Indian: Rubinstein: 4...0-0 5 Nf3 d5 6 Bd3 b6} 8. cxd5 exd5 9. Bxa6 Nxa6 {The position is equal.} 10. Qa4 Qc8 11. Ne5 Re8 12. Bd2 Bd6 13. f4 c5 14. Be1 {[#]} Qb7 $146 ({Predecessor:} 14... Nc7) 15. Bh4 Ne4 16. Nxe4 dxe4 17. Qc6 (17. a3 $11 {keeps the balance.}) 17... Qxc6 $17 18. Nxc6 cxd4 19. Nxd4 Nb4 20. Nb5 $1 {[%cal Rb5d6]} Bb8 {White must now prevent ...Nc2.} 21. Rfc1 a6 22. Nc3 Bd6 23. Kf1 Rac8 24. a3 Nd3 {[%mdl 64] Double Attack} 25. Rc2 f5 26. Rd1 Rc4 27. Rcd2 {[#]} Bxa3 $1 {[%mdl 512]} 28. Nxe4 (28. bxa3 Rxc3) 28... fxe4 (28... Nxb2 29. Rxb2 Bxb2 30. Nd6 $17) 29. bxa3 Rec8 30. g4 Rc3 31. Rb1 b5 ({Not} 31... Rxa3 32. Rxb6 a5 33. Re6 $11) 32. Be7 Rc1+ 33. Rxc1 Rxc1+ $19 {[%mdl 4096] Endgame KRB-KRN} 34. Kg2 {[#]} a5 $1 35. h4 Kf7 36. Bd6 Ke6 37. Bf8 (37. Be5 $17) 37... g6 38. Bg7 h5 39. f5+ {[#]} Kf7 $1 {[%cal Rf7g7]} ({But not} 39... gxf5 40. gxh5 f4 41. exf4 $17) 40. Bb2 Rb1 41. fxg6+ $2 (41. Bd4 {was forced.}) 41... Kxg6 42. gxh5+ Kxh5 43. Bf6 Re1 44. Bc3 a4 45. Rb2 $2 (45. Bd4) 45... Nxb2 46. Bxe1 {KB-KN} Nc4 (46... Kg4 $142 47. Bb4 Kxh4) 47. Kg3 $2 (47. Bb4 $19) 47... Nxa3 {Black mates.} 48. Kf4 Nc2 49. Bc3 b4 50. Bf6 a3 51. Kxe4 b3 52. Kd3 Ne1+ 53. Kd2 b2 54. Bxb2 axb2 55. Kxe1 b1=Q+ {Accuracy: White = 50%, Black = 81%.} 0-1

[Event "21st Dubai Open 2019"]
[Site "Dubai"]
[Date "2019.04.07"]
[Round "7.13"]
[White "Shyaamnikhil P"]
[Black "Aravindh, Chithambaram VR."]
[Result "0-1"]
[WhiteElo "2429"]
[BlackElo "2602"]
[Annotator "TA"]
[PlyCount "76"]
[EventDate "2019.04.01"]
[EventType "swiss"]
[EventCountry "UAE"]
[SourceTitle "playchess.com"]
[Source "ChessBase"]
[SourceQuality "1"]

{[%evp 9,76,-9,-11,-4,18,-33,-22,-46,-41,-56,-58,-62,-54,-64,-66,-100,-89,-122,-96,-147,-129,-152,-158,-185,-151,-164,-154,-147,-148,-151,-116,-157,-166,-161,-157,-165,-159,-165,-159,-137,-133,-195,-204,-197,-197,-271,-200,-270,-273,-262,-255,-265,-264,-288,-282,-346,-359,-359,-285,-339,-329,-319,-315,-390,-382,-613,-601,-1004,-354]} 1. d4 Nf6 2. Bg5 g6 3. Nc3 d5 4. Qd2 Bg7 5. Bh6 Bxh6 6. Qxh6 {D01: Veresov Opening} Qd6 (6... Bf5 7. Qd2 c5 8. e3 cxd4 9. exd4 Nc6 10. a3 Rc8 11. Nge2 O-O 12. Ng3 Bd7 13. h4 {1-0 (53) Howell,D (2676)-Demchenko,A (2660) Riadh 2017}) 7. Qd2 $146 ({Better is} 7. e3 $11) ({Predecessor:} 7. O-O-O Ng4 8. Qg7 Qf6 9. Qxf6 Nxf6 10. f3 c6 11. e4 dxe4 12. fxe4 e5 13. Nf3 {½-½ (68) Chigaev,M (2550)-Triapishko,A (2466) St Petersburg 2016}) 7... c5 $15 8. dxc5 {The position is equal.} Qxc5 9. Rd1 {[%cal Rc3d5]} Nc6 {Strongly threatening ...d4.} 10. e3 {[%cal Rc3d5]} O-O 11. a3 Rd8 12. b4 Qb6 13. Na4 Qc7 14. f3 (14. Bd3 $142) 14... e5 $17 15. Ne2 h5 16. Nc1 Bf5 17. Be2 Ne7 18. c3 a5 19. b5 Nd7 20. Nd3 Bxd3 21. Bxd3 Nc5 22. Nxc5 Qxc5 23. a4 Rac8 24. O-O Qxc3 25. Qf2 (25. Qxc3 $17 {was necessary.} Rxc3 26. f4) 25... Qa3 $19 26. Qh4 Kg7 27. Rfe1 (27. g4 $142) 27... Rc3 28. Ra1 Qc5 29. Rad1 Re8 30. Kh1 Ng8 31. b6 Nf6 ({Resist} 31... Qxb6 32. Bb5 $19) 32. Bb5 Re6 33. Qf2 Rxb6 ({Much less strong is} 33... Qxb6 34. h3 $19) 34. Qd2 Rd6 35. Rc1 d4 36. exd4 exd4 37. Rcd1 $2 (37. Red1) 37... d3 38. Qf4 {[#]} Qd4 $2 {Accuracy: White = 37%, Black = 81%.} (38... d2 $1 39. Rf1 (39. Rxd2 Rc1) 39... g5) 0-1

[Event "21st Dubai Open 2019"]
[Site "Dubai"]
[Date "2019.04.07"]
[Round "7.14"]
[White "Sidhant, Mohapatra"]
[Black "Pichot, Alan"]
[Result "0-1"]
[WhiteElo "2348"]
[BlackElo "2566"]
[Annotator "ChessBase"]
[PlyCount "90"]
[EventDate "2019.04.01"]
[EventType "swiss"]
[EventCountry "UAE"]
[SourceTitle "playchess.com"]
[Source "ChessBase"]
[SourceQuality "1"]
[TimeControl "5400+30"]

1. e4 {[%emt 0:00:00]} c5 {[%emt 0:00:00]} 2. Nf3 {[%emt 0:00:08]} Nc6 {[%emt 0:00:03]} 3. d4 {[%emt 0:00:25]} cxd4 {[%emt 0:00:09]} 4. Nxd4 {[%emt 0:00:04]} Nf6 {[%emt 0:00:06]} 5. Nc3 {[%emt 0:00:07]} d6 {[%emt 0:00:07]} 6. Bg5 {[%emt 0:02:50]} e6 {[%emt 0:00:05]} 7. Qd2 {[%emt 0:00:23]} a6 {[%emt 0:00:06]} 8. Nxc6 {[%emt 0:00:19]} bxc6 {[%emt 0:00:06]} 9. O-O-O {[%emt 0:00:08]} Be7 {[%emt 0:00:19]} 10. Bxf6 {[%emt 0:01:28]} gxf6 {[%emt 0:00:06]} 11. Bc4 {[%emt 0:00:21]} Bb7 {[%emt 0:00:12]} 12. f4 {[%emt 0:00:51]} Qa5 {[%emt 0:00:32]} 13. Rhe1 {[%emt 0:01:22]} O-O-O {[%emt 0:01:42]} 14. f5 {[%emt 0:06:26]} d5 {[%emt 0:02:09]} 15. exd5 {[%emt 0:02:53]} cxd5 {[%emt 0:00:29]} 16. Bd3 {[%emt 0:18:09]} e5 {[%emt 0:16:02]} 17. Kb1 {[%emt 0:04:52]} d4 {[%emt 0:07:43]} 18. Ne4 {[%emt 0:02:41]} Bb4 {[%emt 0:00:26]} 19. c3 {[%emt 0:00:50]} dxc3 {[%emt 0:00:24]} 20. bxc3 {[%emt 0:00:17]} Be7 {[%emt 0:05:42]} 21. Ka1 {[%emt 0:03:27]} Rd7 {[%emt 0:03:25]} 22. Rb1 {[%emt 0:06:44]} Qd5 {[%emt 0:35:27]} 23. Re3 {[%emt 0:07:45]} Qc6 {[%emt 0:00:22]} 24. Qe2 {[%emt 0:03:14]} Rc7 {[%emt 0:01:03]} 25. Bc2 {[%emt 0:05:23]} Rd8 {[%emt 0:00:55]} 26. Bb3 {[%emt 0:00:34]} Bc5 {[%emt 0:01:05]} 27. Nxc5 {[%emt 0:01:01]} Qxc5 {[%emt 0:00:01]} 28. Rh3 {[%emt 0:05:19]} e4 {[%emt 0:03:52]} 29. g4 {[%emt 0:04:24]} Qe5 {[%emt 0:01:30]} 30. Rxh7 {[%emt 0:01:55]} e3 {[%emt 0:02:07]} 31. Rxf7 {[%emt 0:02:36]} Qxc3+ {[%emt 0:04:25]} 32. Qb2 {[%emt 0:00:09]} Qxb2+ {[%emt 0:00:15]} 33. Kxb2 {[%emt 0:00:01]} Rd2+ {[%emt 0:00:16]} 34. Ka3 {[%emt 0:00:06]} Rxf7 {[%emt 0:00:26]} 35. Bxf7 {[%emt 0:00:02]} e2 {[%emt 0:01:10]} 36. Re1 {[%emt 0:00:15]} Bf3 {[%emt 0:01:16]} 37. Bc4 {[%emt 0:00:05]} a5 {[%emt 0:05:18]} 38. g5 {[%emt 0:00:18]} fxg5 {[%emt 0:00:36]} 39. f6 {[%emt 0:00:21]} Kd7 {[%emt 0:02:01]} 40. f7 {[%emt 0:00:14]} Ke7 {[%emt 0:00:01]} 41. Rb1 {[%emt 0:00:11]} Rd8 {[%emt 0:03:37]} 42. Re1 {[%emt 0:00:47]} Rd1 {[%emt 0:00:34]} 43. Rxe2+ {[%emt 0:00:50]} Bxe2 {[%emt 0:00:02]} 44. Bxe2 {[%emt 0:00:07]} Rd2 {[%emt 0:00:04]} 45. Bc4 {[%emt 0:00:14]} Rxh2 {[%emt 0:00:07]} 0-1

[Event "21st Dubai Open 2019"]
[Site "Dubai"]
[Date "2019.04.07"]
[Round "7.15"]
[White "Raahul V S"]
[Black "Bellahcene, Bilel"]
[Result "1-0"]
[WhiteElo "2252"]
[BlackElo "2538"]
[Annotator "RC"]
[PlyCount "175"]
[EventDate "2019.04.01"]
[EventType "swiss"]
[EventCountry "UAE"]
[SourceTitle "playchess.com"]
[Source "ChessBase"]
[SourceQuality "1"]
[TimeControl "5400+30"]

1. c4 {[%emt 0:00:00]} c5 {[%emt 0:02:19]} 2. Nf3 {[%emt 0:00:00]} Nf6 {[%emt 0:00:01]} 3. Nc3 {[%emt 0:00:14]} Nc6 {[%emt 0:00:03]} 4. d4 {[%emt 0:00:23]} cxd4 {[%emt 0:00:03]} 5. Nxd4 {[%emt 0:00:04]} e6 {[%emt 0:00:03]} 6. Bg5 {[%emt 0:04:04]} Bb4 {[%emt 0:03:04]} 7. Nxc6 {[%emt 0:05:36]} bxc6 {[%emt 0:00:47]} 8. e4 {[%emt 0:00:19]} h6 {[%emt 0:01:14]} 9. Bxf6 {[%emt 0:05:12]} Qxf6 {[%emt 0:00:06]} 10. Rc1 {[%emt 0:00:32]} Rb8 {[%emt 0:01:25]} 11. Qd2 {[%emt 0:00:44]} Qg6 {[%emt 0:08:01]} 12. f3 {[%emt 0:01:11]} e5 {[%emt 0:08:05]} 13. a3 {[%emt 0:03:43]} Be7 {[%emt 0:02:55]} 14. Qf2 {[%emt 0:02:24]} Qd6 {[%emt 0:01:23]} 15. b4 {[%emt 0:01:47]} Qd4 {[%emt 0:02:32]} 16. Qxd4 {[%emt 0:04:29]} exd4 {[%emt 0:00:13]} 17. Ne2 {[%emt 0:00:14]} a5 {[%emt 0:02:31]} 18. Nxd4 {[%emt 0:00:38]} axb4 {[%emt 0:00:04]} 19. axb4 {[%emt 0:00:52]} Bxb4+ {[%emt 0:00:05]} 20. Kd1 {[%emt 0:00:20]} Bc5 {[%emt 0:15:19]} 21. Nc2 {[%emt 0:00:10]} O-O {[%emt 0:25:01]} 22. Bd3 {[%emt 0:00:15]} d5 {[%emt 0:04:02]} 23. cxd5 {[%emt 0:03:03]} cxd5 {[%emt 0:00:04]} 24. exd5 {[%emt 0:00:19]} Rd8 {[%emt 0:00:05]} 25. Bc4 {[%emt 0:01:05]} Bf5 {[%emt 0:03:38]} 26. Re1 {[%emt 0:04:31]} Rdc8 {[%emt 0:04:26]} 27. Ba6 {[%emt 0:04:50]} Rd8 {[%emt 0:00:53]} 28. Bc4 {[%emt 0:00:02]} Rdc8 {[%emt 0:03:53]} 29. Ba6 {[%emt 0:04:25]} Rd8 {[%emt 0:01:34]} 30. Bc4 {[%emt 0:00:14]} h5 {[%emt 0:00:02]} 31. Re2 {[%emt 0:06:57]} h4 {[%emt 0:01:11]} 32. Ne3 {[%emt 0:01:22]} Bd7 {[%emt 0:00:20]} 33. Ke1 {[%emt 0:02:59]} Rdc8 {[%emt 0:00:57]} 34. Bd3 {[%emt 0:09:17]} Bb4+ {[%emt 0:02:35]} 35. Kd1 {[%emt 0:00:03]} Ba4+ {[%emt 0:00:06]} 36. Nc2 {[%emt 0:00:52]} Rc3 {[%emt 0:02:30]} 37. Be4 {[%emt 0:03:32]} g6 {[%emt 0:00:12]} 38. Ra1 {[%emt 0:08:29]} Bb3 {[%emt 0:00:13]} 39. d6 {[%emt 0:05:57]} f5 {[%emt 0:02:43]} 40. Bd5+ {[%emt 0:01:00]} Bxd5 {[%emt 0:02:59]} 41. Nxb4 {[%emt 0:00:29]} Rxb4 {[%emt 0:00:21]} 42. d7 {[%emt 0:00:58]} Rd4+ {[%emt 0:01:21]} 43. Ke1 {[%emt 0:01:28]} Bxf3 {[%emt 0:00:50]} 44. Re8+ {[%emt 0:00:23]} Kf7 {[%emt 0:00:08]} 45. d8=Q {[%emt 0:00:13]} Rxd8 {[%emt 0:00:13]} 46. Rxd8 {[%emt 0:00:02]} Bxg2 {[%emt 0:00:58]} 47. Rd6 {[%emt 0:02:23]} Rc6 {[%emt 0:01:31]} 48. Ra7+ {[%emt 0:00:08]} Ke8 {[%emt 0:00:07]} 49. Rxc6 {[%emt 0:00:22]} Bxc6 {[%emt 0:00:02]} 50. Rg7 {[%emt 0:00:06]} Bg2 {[%emt 0:00:50]} 51. Rxg6 {[%emt 0:00:21]} h3 {[%emt 0:00:25]} 52. Rf6 {[%emt 0:00:02]} Be4 {[%emt 0:00:07]} 53. Kf2 {[%emt 0:00:02]} Ke7 {[%emt 0:00:03]} 54. Rh6 {[%emt 0:00:04]} Bg2 {[%emt 0:00:30]} 55. Kg3 {[%emt 0:00:08]} Kf7 {[%emt 0:00:46]} 56. Kf4 {[%emt 0:00:06]} Kg7 {[%emt 0:00:03]} 57. Ra6 {[%emt 0:00:06]} Kf7 {[%emt 0:00:30]} 58. Kxf5 {[%emt 0:00:44]} Ke7 {[%emt 0:00:02]} 59. Ke5 {[%emt 0:00:01]} Kd7 {[%emt 0:00:01]} 60. Rh6 {[%emt 0:00:13]} Kc7 {[%emt 0:00:07]} 61. Rd6 {[%emt 0:00:13]} Kb7 {[%emt 0:00:10]} 62. Kd4 {[%emt 0:00:06]} Kc7 {[%emt 0:00:26]} 63. Kc5 {[%emt 0:00:10]} Kb7 {[%emt 0:00:09]} 64. Rh6 {[%emt 0:00:05]} Bf1 {[%emt 0:00:22]} 65. Rb6+ {[%emt 0:01:10]} Kc7 {[%emt 0:00:03]} 66. Rf6 {[%emt 0:00:05]} Bg2 {[%emt 0:00:11]} 67. Rf7+ {[%emt 0:00:02]} Kb8 {[%emt 0:00:27]} 68. Kd6 {[%emt 0:01:23]} Kc8 {[%emt 0:00:02]} 69. Rh7 {[%emt 0:00:08]} Kb8 {[%emt 0:00:06]} 70. Rc7 {[%emt 0:00:02]} Bf3 {[%emt 0:00:22]} 71. Rc3 {[%emt 0:00:53]} Bg2 {[%emt 0:00:04]} 72. Kd7 {[%emt 0:02:41]} Ka7 {[%emt 0:00:42]} 73. Rb3 {[%emt 0:00:04]} Ka6 {[%emt 0:00:01]} 74. Kd6 {[%emt 0:00:12]} Ka7 {[%emt 0:00:09]} 75. Kc5 {[%emt 0:00:35]} Ka6 {[%emt 0:00:23]} 76. Rb2 {[%emt 0:00:04]} Ka7 {[%emt 0:00:06]} 77. Kd4 {[%emt 0:00:01]} Bb7 {[%emt 0:05:45]} 78. Rb3 {[%emt 0:00:45]} Bc8 {[%emt 0:00:18]} 79. Ke5 {[%emt 0:00:15]} Ka6 {[%emt 0:00:11]} 80. Rb8 {[%emt 0:00:27]} Bd7 {[%emt 0:00:08]} 81. Rd8 {[%emt 0:00:05]} Bc6 {[%emt 0:00:19]} 82. Rd3 {[%emt 0:03:17]} Bg2 {[%emt 0:00:20]} 83. Rb3 {[%emt 0:00:00]} Ka5 {[%emt 0:00:15]} 84. Kf4 {[%emt 0:01:39]} Ka4 {[%emt 0:00:00]} 85. Rb2 {[%emt 0:00:36]} Ka3 {[%emt 0:00:04]} 86. Rb6 {[%emt 0:00:05]} Ka4 {[%emt 0:00:10]} 87. Kg3 {[%emt 0:00:04]} Ka5 {[%emt 0:00:11]} 88. Rb2 {[%emt 0:00:03]} 1-0

[Event "21st Dubai Open 2019"]
[Site "Dubai"]
[Date "2019.04.07"]
[Round "7.16"]
[White "San Diego, Jerlyn Mae"]
[Black "Ghaem Maghami, Ehsan"]
[Result "0-1"]
[WhiteElo "1836"]
[BlackElo "2531"]
[Annotator "ChessBase"]
[PlyCount "90"]
[EventDate "2019.04.01"]
[EventType "swiss"]
[EventCountry "UAE"]
[SourceTitle "playchess.com"]
[Source "ChessBase"]
[SourceQuality "1"]
[TimeControl "5400+30"]

1. e4 {[%emt 0:00:00]} c5 {[%emt 0:00:00]} 2. Nf3 {[%emt 0:00:00]} d6 {[%emt 0:01:52]} 3. d4 {[%emt 0:00:13]} cxd4 {[%emt 0:00:07]} 4. Nxd4 {[%emt 0:00:12]} Nf6 {[%emt 0:00:06]} 5. f3 {[%emt 0:00:14]} Nc6 {[%emt 0:03:01]} 6. c4 {[%emt 0:00:18]} g6 {[%emt 0:07:02]} 7. Nc3 {[%emt 0:01:23]} Bg7 {[%emt 0:04:05]} 8. Be3 {[%emt 0:00:18]} O-O {[%emt 0:00:15]} 9. Qd2 {[%emt 0:00:31]} Nxd4 {[%emt 0:06:01]} 10. Bxd4 {[%emt 0:01:04]} Be6 {[%emt 0:00:16]} 11. Be2 {[%emt 0:01:18]} Qa5 {[%emt 0:00:18]} 12. Nb5 {[%emt 0:08:17]} Qxd2+ {[%emt 0:05:07]} 13. Kxd2 {[%emt 0:00:07]} a6 {[%emt 0:15:10]} 14. Nc7 {[%emt 0:00:40]} Rac8 {[%emt 0:00:06]} 15. Nxe6 {[%emt 0:00:49]} fxe6 {[%emt 0:00:02]} 16. Be3 {[%emt 0:11:29]} d5 {[%emt 0:04:05]} 17. cxd5 {[%emt 0:03:30]} exd5 {[%emt 0:01:12]} 18. e5 {[%emt 0:00:08]} Nh5 {[%emt 0:19:10]} 19. Bd4 {[%emt 0:02:45]} Bh6+ {[%emt 0:03:13]} 20. Be3 {[%emt 0:00:28]} Bxe3+ {[%emt 0:02:48]} 21. Kxe3 {[%emt 0:00:10]} Nf4 {[%emt 0:00:15]} 22. Bf1 {[%emt 0:08:46]} Rc2 {[%emt 0:01:36]} 23. g3 {[%emt 0:01:11]} Ne6 {[%emt 0:01:55]} 24. Rb1 {[%emt 0:04:14]} d4+ {[%emt 0:05:47]} 25. Kd3 {[%emt 0:00:52]} Rf2 {[%emt 0:00:17]} 26. f4 {[%emt 0:03:37]} Rd8 {[%emt 0:00:12]} 27. Rc1 {[%emt 0:07:20]} Rxb2 {[%emt 0:02:59]} 28. Bh3 {[%emt 0:02:31]} Kf7 {[%emt 0:00:13]} 29. Bxe6+ {[%emt 0:00:44]} Kxe6 {[%emt 0:00:06]} 30. Rc2 {[%emt 0:03:41]} Rxc2 {[%emt 0:00:18]} 31. Kxc2 {[%emt 0:00:02]} Rc8+ {[%emt 0:00:27]} 32. Kd3 {[%emt 0:00:35]} Kd5 {[%emt 0:00:38]} 33. Re1 {[%emt 0:05:18]} Rc3+ {[%emt 0:00:12]} 34. Kd2 {[%emt 0:00:06]} Ra3 {[%emt 0:00:12]} 35. Ra1 {[%emt 0:00:13]} b5 {[%emt 0:01:16]} 36. Kc2 {[%emt 0:01:41]} b4 {[%emt 0:00:49]} 37. Rf1 {[%emt 0:02:40]} Rxa2+ {[%emt 0:03:15]} 38. Kb3 {[%emt 0:00:29]} Rxh2 {[%emt 0:00:11]} 39. Kxb4 {[%emt 0:02:37]} Rb2+ {[%emt 0:00:14]} 40. Ka3 {[%emt 0:01:06]} Rb5 {[%emt 0:01:40]} 41. Rh1 {[%emt 0:03:36]} h5 {[%emt 0:00:47]} 42. f5 {[%emt 0:00:45]} gxf5 {[%emt 0:00:09]} 43. Rxh5 {[%emt 0:00:17]} e6 {[%emt 0:00:10]} 44. g4 {[%emt 0:01:27]} fxg4 {[%emt 0:00:38]} 45. Rg5 {[%emt 0:00:21]} d3 {[%emt 0:00:20]} 0-1

[Event "21st Dubai Open 2019"]
[Site "Dubai"]
[Date "2019.04.07"]
[Round "7.17"]
[White "Visakh N R"]
[Black "Divya Deshmukh"]
[Result "1-0"]
[WhiteElo "2509"]
[BlackElo "2432"]
[Annotator "ChessBase"]
[PlyCount "83"]
[EventDate "2019.04.01"]
[EventType "swiss"]
[EventCountry "UAE"]
[SourceTitle "playchess.com"]
[Source "ChessBase"]
[SourceQuality "1"]
[TimeControl "5400+30"]

1. d4 {[%emt 0:30:23]} Nf6 {[%emt 0:00:02]} 2. c4 {[%emt 0:06:48]} e6 {[%emt 0:00:18]} 3. Nf3 Bb4+ {[%emt 0:00:07]} 4. Bd2 {[%emt 0:04:39]} Qe7 {[%emt 0:00:15]} 5. Nc3 {[%emt 0:00:09]} O-O {[%emt 0:01:56]} 6. g3 {[%emt 0:00:19]} b6 {[%emt 0:00:47]} 7. Bg2 {[%emt 0:00:13]} Bb7 {[%emt 0:00:05]} 8. O-O {[%emt 0:00:15]} d6 {[%emt 0:00:48]} 9. d5 {[%emt 0:06:30]} Bxc3 {[%emt 0:09:42]} 10. Bxc3 {[%emt 0:00:16]} e5 {[%emt 0:00:19]} 11. Nh4 {[%emt 0:03:19]} g6 {[%emt 0:01:33]} 12. e4 {[%emt 0:01:30]} Nbd7 {[%emt 0:03:02]} 13. Qd2 {[%emt 0:02:58]} a5 {[%emt 0:05:40]} 14. f4 {[%emt 0:06:23]} Rae8 {[%emt 0:08:14]} 15. Rae1 {[%emt 0:00:43]} Ba6 {[%emt 0:01:04]} 16. b3 {[%emt 0:01:41]} Nh5 {[%emt 0:05:14]} 17. fxe5 {[%emt 0:12:01]} dxe5 {[%emt 0:00:34]} 18. Qh6 {[%emt 0:02:31]} Ng7 {[%emt 0:06:37]} 19. Nf3 {[%emt 0:03:43]} f6 {[%emt 0:00:57]} 20. g4 {[%emt 0:00:49]} b5 {[%emt 0:04:39]} 21. Rf2 {[%emt 0:04:42]} bxc4 {[%emt 0:04:23]} 22. Bf1 {[%emt 0:00:02]} Qc5 {[%emt 0:02:08]} 23. Qd2 {[%emt 0:04:59]} Rb8 {[%emt 0:17:00]} 24. Bxa5 {[%emt 0:00:12]} Ne8 {[%emt 0:00:07]} 25. b4 {[%emt 0:01:35]} Qa7 {[%emt 0:01:43]} 26. Qe3 {[%emt 0:00:48]} Qa8 {[%emt 0:08:12]} 27. g5 {[%emt 0:00:31]} f5 {[%emt 0:01:00]} 28. exf5 {[%emt 0:00:50]} Nd6 {[%emt 0:01:55]} 29. fxg6 {[%emt 0:00:10]} hxg6 {[%emt 0:00:05]} 30. Bxc7 {[%emt 0:00:34]} Nf5 {[%emt 0:01:09]} 31. Qe4 {[%emt 0:00:01]} Rxb4 {[%emt 0:00:05]} 32. Bd6 {[%emt 0:00:40]} Rbb8 {[%emt 0:03:16]} 33. Bxf8 {[%emt 0:00:25]} Rxf8 {[%emt 0:00:08]} 34. Nxe5 {[%emt 0:01:34]} Nxe5 {[%emt 0:03:22]} 35. Qxe5 {[%emt 0:00:01]} Qa7 {[%emt 0:00:01]} 36. Qe6+ {[%emt 0:00:36]} Kh7 {[%emt 0:02:58]} 37. d6 {[%emt 0:01:07]} Qc5 {[%emt 0:03:04]} 38. d7 {[%emt 0:01:11]} Bb5 {[%emt 0:02:55]} 39. Re5 {[%emt 0:00:44]} Qd4 {[%emt 0:00:07]} 40. Re4 {[%emt 0:01:32]} Qa7 {[%emt 0:00:53]} 41. Rh4+ {[%emt 0:00:26]} Kg7 {[%emt 0:01:21]} 42. Qe5+ {[%emt 0:00:07]} 1-0

[Event "21st Dubai Open 2019"]
[Site "Dubai"]
[Date "2019.04.07"]
[Round "7.18"]
[White "Sindarov, Javokhir"]
[Black "Laxman, R.R."]
[Result "1-0"]
[WhiteElo "2495"]
[BlackElo "2428"]
[Annotator "ChessBase"]
[PlyCount "97"]
[EventDate "2019.04.01"]
[EventType "swiss"]
[EventCountry "UAE"]
[SourceTitle "playchess.com"]
[Source "ChessBase"]
[SourceQuality "1"]
[TimeControl "5400+30"]

1. e4 {[%emt 0:00:00]} e5 {[%emt 0:00:00]} 2. Nf3 {[%emt 0:00:00]} Nc6 {[%emt 0:00:00]} 3. d4 {[%emt 0:00:00]} exd4 {[%emt 0:00:00]} 4. Nxd4 {[%emt 0:00:00]} Bc5 {[%emt 0:00:00]} 5. Be3 {[%emt 0:01:34]} Qf6 {[%emt 0:00:00]} 6. c3 {[%emt 0:00:05]} b6 {[%emt 0:00:53]} 7. g3 {[%emt 0:01:21]} Bb7 {[%emt 0:00:13]} 8. Bg2 {[%emt 0:00:05]} O-O-O {[%emt 0:03:44]} 9. O-O {[%emt 0:02:29]} Nge7 {[%emt 0:01:41]} 10. f4 {[%emt 0:05:29]} Bxd4 {[%emt 0:00:21]} 11. cxd4 {[%emt 0:00:32]} d5 {[%emt 0:00:02]} 12. e5 {[%emt 0:03:33]} Qe6 {[%emt 0:01:57]} 13. Qd3 {[%emt 0:01:36]} g6 {[%emt 0:01:14]} 14. Nd2 {[%emt 0:00:20]} Kb8 {[%emt 0:02:16]} 15. a3 {[%emt 0:03:44]} Nf5 {[%emt 0:03:58]} 16. Bf2 {[%emt 0:00:57]} Na5 {[%emt 0:00:11]} 17. Nf3 {[%emt 0:05:39]} h5 {[%emt 0:02:27]} 18. b3 {[%emt 0:05:17]} Qe7 {[%emt 0:04:08]} 19. Rfc1 {[%emt 0:03:31]} h4 {[%emt 0:01:40]} 20. g4 {[%emt 0:02:29]} h3 {[%emt 0:00:06]} 21. gxf5 {[%emt 0:01:50]} hxg2 {[%emt 0:00:02]} 22. Bh4 {[%emt 0:00:09]} Rxh4 {[%emt 0:00:42]} 23. f6 {[%emt 0:00:15]} Qd7 {[%emt 0:02:58]} 24. Nxh4 {[%emt 0:00:13]} Rh8 {[%emt 0:00:10]} 25. Nf3 {[%emt 0:17:46]} Qg4 {[%emt 0:03:09]} 26. Rc2 {[%emt 0:00:17]} Qxf4 {[%emt 0:02:09]} 27. Rxg2 {[%emt 0:00:53]} c5 {[%emt 0:11:02]} 28. Ng5 {[%emt 0:25:55]} c4 {[%emt 0:00:12]} 29. Qc3 {[%emt 0:00:03]} Nxb3 {[%emt 0:00:51]} 30. Rf1 {[%emt 0:01:47]} Qxd4+ {[%emt 0:00:08]} 31. Qxd4 {[%emt 0:00:04]} Nxd4 {[%emt 0:00:05]} 32. Nxf7 {[%emt 0:00:04]} Rf8 {[%emt 0:00:31]} 33. Ng5 {[%emt 0:00:07]} Bc8 {[%emt 0:02:20]} 34. Rd1 {[%emt 0:01:53]} Nf5 {[%emt 0:00:36]} 35. Rxd5 {[%emt 0:00:22]} Ne3 {[%emt 0:03:09]} 36. Rd4 {[%emt 0:09:34]} Nxg2 {[%emt 0:00:10]} 37. Kxg2 {[%emt 0:00:12]} b5 {[%emt 0:01:35]} 38. Kf2 {[%emt 0:00:09]} c3 {[%emt 0:02:43]} 39. Rd3 {[%emt 0:00:08]} c2 {[%emt 0:00:06]} 40. Rc3 {[%emt 0:00:19]} Bf5 {[%emt 0:00:01]} 41. Ke3 {[%emt 0:03:49]} a5 {[%emt 0:07:08]} 42. Ne4 {[%emt 0:00:47]} Rc8 {[%emt 0:04:45]} 43. Rxc8+ {[%emt 0:00:08]} Kxc8 {[%emt 0:00:02]} 44. Kd2 {[%emt 0:00:09]} Kd8 {[%emt 0:00:44]} 45. Nc5 {[%emt 0:02:08]} g5 {[%emt 0:01:28]} 46. e6 {[%emt 0:00:11]} Bg6 {[%emt 0:00:10]} 47. Nb7+ {[%emt 0:01:58]} Ke8 {[%emt 0:00:08]} 48. Nd6+ {[%emt 0:00:06]} Kf8 {[%emt 0:00:19]} 49. Nxb5 {[%emt 0:01:03]} 1-0